Science Quiz

Random Science Quiz

Bancroft Minerals Quiz Stats

Quiz not verified by Sporcle

Challenge
Share
Tweet
Embed
Score 0/58 Timer 20:00
0 Plays Today
Chemical Composition Mineral % Correct
CaCO₃ Aragonite
100%
CaCO₃Calcite
100%
CGraphite
100%
MoS₂Molybdenite
100%
FeS₂Pyrite
100%
SiO₂Quartz
100%
ZrSiO₄Zircon
100%
NaAlSi₃O₈ with KAlSi₃O₈ ingrowths Anti-Perthite
50%
Fe₂O₃Hematite
50%
KAlSi₃O₈ with NaAlSi₃O₈ ingrowthsPerthite
50%
UO₂Uraninite
50%
Fe²⁺Al₂(SiO₄)₃ Almandine
0%
(Ce,Ca,Y)₂(Al,Fe²⁺,Fe³⁺)₃(SiO₄)₃(OHAllanite
0%
Ca₂(Mg,Fe²⁺)₅Si₈O₂₂(OH)₂ Actinolite
0%
(Ce,Ca,Fe,Th)(Ti,Nb)₂(O,OH)₆ Aeschynite
0%
Ca₅(PO₄)₃F Apatite
0%
Be₃Al₂Si₅O₁₈ Beryl
0%
(Ca,Na)(Mg,Fe,Al,Ti)(Si,Al)₂O₆Augite
0%
(Ca,Na,U)₂(Ti,Nb,Ta)₂O₆(OH) Betafite
0%
K(Mg,Fe²⁺)₃(Al,Fe³⁺)Si₃O₁₀(OH,F)₂ Biotite
0%
(Na,Ca)Al(Al,Si)Si₂O₈Bytownite
0%
Na₆Ca₂Al₆Si₆O₂₄(CO₃)₂Cancrinite
0%
A₆(AlSi₃)O₁₀(OH)₈Chlorite
0%
(Mg,Fe²⁺)₅(SIO₄)₂(F,OH)₂Chondradite
0%
(Fe²⁺,Mg,Mn)Nb₂O₆Columbite
0%
Al₂O₃Corundum
0%
CaMgSi₂O₆Diopside
0%
NaMg₃Al₆(BO₃)₃Si₆O₁₈(OH)₄Dravite
0%
Ca₂(Fe³⁺,Al)₃(SiO₄)(OH)Epidote
0%
Chemical Composition Mineral % Correct
(Y,Er,Ce,La,U)(Nb,Ti,Ta)₂(O,OH)₆Euxenite
0%
CaF₂Fluorite
0%
Na₂Ca(Mg,Fe²⁺)₅Si₈O₂₂(OH,F)₂Fluor-richterite
0%
Fe³⁺O(OH)Goethite
0%
Ca₃Al₂(SiO₄)₃Grossular
0%
Ca₂(Fe²⁺,Mg)₄Al(Si₇Al)O₂₂(OH,F)₂Hornblende
0%
Fe²⁺TiO₃Ilmenite
0%
Mn³⁺O(OH)Manganite
0%
KAlSi₃O₈Microcline
0%
(Ce,La,Nd,Th)PO₄Monazite
0%
KAl₂(AlSi₃)O₁₀(OH,F)₂Muscovite
0%
(Na,K)AlSiO₄Nepheline
0%
(Na,Ca)Al(Al,Si)Si₂O₈Oligoclase
0%
KAlSi₃O₈Orthoclase
0%
KMg₃AlSi₃O₁₀(F,OH)₂Phlogopite
0%
Fe₁₋SPyrrhotite
0%
BaMn²⁺Mn₈⁴⁺O₁₆(OH)₄Romancheite
0%
3NaAlSi₃O₈•NaCl to 3CaAl₂Si₂O₈•CaCO₃Scapolite
0%
NaFe²⁺Al₆(BO₃)₃Si₆O₁₈(OH)₄Schorl
0%
Al₂SiO₅Sillimanite
0%
MgAl₂O₄Spinel
0%
Na₈Al₆Si₆O₂₄Cl₂Sodalite
0%
CaTiO(SiO₄)Sphene
0%
(Ti,Ta,Fe³⁺)₃O₆Struverite
0%
Ca₂(Mg,Fe²⁺)₅Si₈O₂₂(OH)₂Tremolite
0%
(Mn²⁺,Fe²⁺,Mg,Ca)₂(PO₄)(F,OH)Tripolite
0%
(Mg,Fe²⁺,Al)₃(Al,Si)₄O₁₀(OH)₂•4H₂OVermiculite
0%
Ca₁₀Mg₂Al₄(SiO₄)₅(Si₂O₇)₂(OH)₄Vesuvianite
0%
CaSiO₃Wollastonite
0%

You're not logged in!

Compare scores with friends on all Sporcle quizzes.
Join for Free
OR
Log In

You Might Also Like...

Show Comments

Extras

Top Quizzes Today


Score Distribution

Your Account Isn't Verified!

In order to create a playlist on Sporcle, you need to verify the email address you used during registration. Go to your Sporcle Settings to finish the process.

Report this User

Report this user for behavior that violates our Community Guidelines.

Details: